[Event "DVM U16 2022"]
[Site "Darmstadt GER"]
[Date "2022.12.29"]
[Round "5"]
[White "Bühring, Marwin"]
[Black "Rommel, Kevin"]
[Result "0-1"]
[Termination "normal"]
[Board "9.4"]
[WhiteElo "1374"]
[BlackElo "1408"]
[WhiteClock "00:47:58"]
[BlackClock "00:58:56"]
[WhiteTeam "Schachklub König Plauen"]
[BlackTeam "Rhedaer Schachverein von 1931 e. V."]
[PlyCount "38"]
[WhiteFideId "16281985"]
[BlackFideId "34640185"]
[EventCountry "GER"]
[EventRounds "7"]
[EventType "team-swiss"]
[EventDate "2022.12.26"]

1. e4 {[%clk 1:31:10]} c6 {[%clk 1:31:21]} 2. d4 {[%clk 1:31:36]} d5 {[%clk
1:31:44]} 3. exd5 {[%clk 1:31:59]} cxd5 4. Bd3 {[%clk 1:32:22]} Nc6 {[%clk
1:31:27]} 5. c3 {[%clk 1:31:11]} e6 {[%clk 1:29:27]} 6. Bf4 {[%clk 1:27:57]}
Bd6 {[%clk 1:29:29]} 7. Bxd6 {[%clk 1:28:17]} Qxd6 {[%clk 1:29:07]} 8. Nf3
{[%clk 1:28:39]} Nf6 {[%clk 1:28:44]} 9. Nbd2 {[%clk 1:29:00]} O-O {[%clk
1:24:34]} 10. Qc2 {[%clk 1:27:52]} h6 {[%clk 1:22:43]} 11. h3 {[%clk 1:26:34]}
Re8 {[%clk 1:21:30]} 12. O-O-O {[%clk 1:24:56]} Bd7 {[%clk 1:19:58]} 13. Rde1
{[%clk 1:21:17]} Rac8 {[%clk 1:16:07]} 14. a3 {[%clk 1:16:11]} a6 {[%clk
1:13:35]} 15. g4 {[%clk 1:07:39]} Qf4 {[%clk 0:59:36]} 16. Rhg1 {[%clk
0:54:32]} Kh8 {[%clk 0:59:47]} 17. g5 {[%clk 0:54:58]} hxg5 {[%clk 0:59:34]}
18. Nxg5 {[%clk 0:47:58]} Nxd4 {[%clk 0:58:56]} 19. Qb1 Nb3 0-1

[Event "DVM U16 2022"]
[Site "Darmstadt GER"]
[Date "2022.12.29"]
[Round "5"]
[White "Eichhorn, Valentin"]
[Black "Lichtinger, Simon"]
[Result "1/2-1/2"]
[Termination "normal"]
[Board "10.1"]
[WhiteElo "1566"]
[BlackElo "1517"]
[WhiteClock "00:47:58"]
[BlackClock "00:28:53"]
[WhiteTeam "Karlsruher SF 1853"]
[BlackTeam "FC Ergolding 1932 e.V."]
[PlyCount "53"]
[WhiteFideId "16239032"]
[BlackFideId "16230442"]
[EventCountry "GER"]
[EventRounds "7"]
[EventType "team-swiss"]
[EventDate "2022.12.26"]

1. d4 {[%clk 1:30:54]} Nf6 {[%clk 1:30:57]} 2. Bg5 {[%clk 1:31:09]} Ne4 {[%clk
1:31:11]} 3. Bf4 {[%clk 1:31:27]} d5 {[%clk 1:31:31]} 4. e3 {[%clk 1:31:11]} c5
{[%clk 1:31:42]} 5. Bd3 {[%clk 1:30:46]} Nf6 {[%clk 1:25:36]} 6. c3 {[%clk
1:30:05]} Nc6 {[%clk 1:25:46]} 7. Nf3 {[%clk 1:30:23]} Bg4 {[%clk 1:25:51]} 8.
Nbd2 {[%clk 1:30:09]} e6 {[%clk 1:25:30]} 9. Qc2 {[%clk 1:29:25]} c4 {[%clk
1:25:08]} 10. Be2 {[%clk 1:29:17]} Bf5 {[%clk 1:24:12]} 11. Qd1 {[%clk
1:29:11]} Ne4 {[%clk 1:21:47]} 12. Bg3 {[%clk 1:25:45]} Be7 {[%clk 1:21:06]}
13. Ne5 {[%clk 1:24:07]} O-O {[%clk 1:19:10]} 14. Nxc6 {[%clk 1:15:26]} bxc6
{[%clk 1:19:31]} 15. Nxe4 {[%clk 1:13:31]} Bxe4 {[%clk 1:19:53]} 16. f3 {[%clk
1:13:48]} Bg6 {[%clk 1:19:58]} 17. Qa4 {[%clk 1:13:00]} Qb6 {[%clk 1:12:55]}
18. b3 {[%clk 1:06:37]} f6 {[%clk 1:07:47]} 19. O-O {[%clk 1:04:34]} Bc2 {[%clk
0:54:29]} 20. Bd1 {[%clk 1:02:51]} Bd3 {[%clk 0:51:36]} 21. Rf2 {[%clk
1:01:50]} c5 {[%clk 0:39:54]} 22. Bc2 {[%clk 0:58:51]} cxd4 {[%clk 0:38:28]}
23. exd4 {[%clk 0:53:45]} Bxc2 {[%clk 0:33:26]} 24. Rxc2 {[%clk 0:53:57]} cxb3
{[%clk 0:31:43]} 25. Qxb3 {[%clk 0:52:10]} Rfc8 {[%clk 0:29:39]} 26. Rb1 {[%clk
0:50:58]} Rc6 {[%clk 0:28:53]} 27. Rcb2 {[%clk 0:47:58]} 1/2-1/2

[Event "DVM U16 2022"]
[Site "Darmstadt GER"]
[Date "2022.12.29"]
[Round "5"]
[White "Klein, Maxim"]
[Black "Hoffmann, Alexander"]
[Result "1-0"]
[Termination "normal"]
[Board "10.2"]
[WhiteElo "1345"]
[BlackElo "1635"]
[WhiteClock "00:53:18"]
[BlackClock "00:03:29"]
[WhiteTeam "FC Ergolding 1932 e.V."]
[BlackTeam "Karlsruher SF 1853"]
[PlyCount "101"]
[WhiteFideId "16281632"]
[BlackFideId "16240219"]
[EventCountry "GER"]
[EventRounds "7"]
[EventType "team-swiss"]
[EventDate "2022.12.26"]

1. d4 {[%clk 1:30:57]} Nf6 {[%clk 1:30:54]} 2. Nc3 {[%clk 1:31:14]} d5 {[%clk
1:31:13]} 3. Bf4 {[%clk 1:31:41]} c5 {[%clk 1:30:51]} 4. e3 {[%clk 1:32:03]}
cxd4 {[%clk 1:30:33]} 5. Nb5 {[%clk 1:29:51]} Na6 {[%clk 1:26:04]} 6. exd4
{[%clk 1:28:34]} Bf5 {[%clk 1:22:34]} 7. Qe2 {[%clk 1:25:15]} e6 {[%clk
1:13:47]} 8. c3 {[%clk 1:23:51]} Be7 {[%clk 1:11:07]} 9. f3 {[%clk 1:23:54]}
Nd7 {[%clk 1:00:43]} 10. g4 {[%clk 1:23:10]} Bg6 {[%clk 1:00:55]} 11. Bg2
{[%clk 1:15:58]} h5 {[%clk 0:46:59]} 12. h3 {[%clk 1:15:17]} Nb6 {[%clk
0:43:49]} 13. b3 {[%clk 1:15:33]} Rc8 {[%clk 0:40:39]} 14. Rc1 {[%clk 1:12:43]}
Bg5 {[%clk 0:23:45]} 15. Qd2 {[%clk 1:12:05]} Bxf4 {[%clk 0:17:35]} 16. Qxf4
{[%clk 1:12:26]} Kf8 {[%clk 0:12:39]} 17. Nxa7 {[%clk 1:09:54]} Qc7 {[%clk
0:09:13]} 18. Qxc7 {[%clk 1:09:33]} Rxc7 {[%clk 0:09:42]} 19. Nb5 {[%clk
1:09:54]} Rc8 {[%clk 0:09:46]} 20. Kd2 {[%clk 1:09:58]} Ke7 {[%clk 0:10:05]}
21. Ne2 {[%clk 1:10:03]} f6 {[%clk 0:09:48]} 22. Nf4 {[%clk 1:10:12]} Bf7
{[%clk 0:10:15]} 23. Rhe1 {[%clk 1:09:16]} Kd7 {[%clk 0:10:08]} 24. Re3 {[%clk
1:09:06]} Rce8 {[%clk 0:10:01]} 25. Rce1 {[%clk 1:09:00]} Nc8 {[%clk 0:10:01]}
26. gxh5 {[%clk 1:06:55]} Nd6 {[%clk 0:09:44]} 27. Nxd6 {[%clk 1:05:36]} Kxd6
{[%clk 0:10:12]} 28. a4 {[%clk 1:02:09]} Nc7 {[%clk 0:08:27]} 29. Bf1 {[%clk
0:53:00]} Bxh5 {[%clk 0:08:19]} 30. Bb5 {[%clk 0:52:32]} Re7 {[%clk 0:07:54]}
31. Nd3 {[%clk 0:51:49]} Nxb5 {[%clk 0:05:55]} 32. axb5 {[%clk 0:51:57]} Ra8
{[%clk 0:05:33]} 33. c4 {[%clk 0:51:09]} Bf7 {[%clk 0:03:44]} 34. Kc3 {[%clk
0:50:49]} Rc8 {[%clk 0:00:53]} 35. Kb4 Kd7 36. cxd5 {[%clk 0:50:40]} Kd6 {[%clk
0:00:51]} 37. dxe6 {[%clk 0:50:34]} Bxe6 {[%clk 0:00:44]} 38. Nc5 {[%clk
0:50:25]} Rce8 {[%clk 0:01:13]} 39. Rxe6 {[%clk 0:50:00]} Rxe6 {[%clk 0:01:42]}
40. Rxe6 {[%clk 0:50:22]} Rxe6 {[%clk 0:02:11]} 41. Nxe6 {[%clk 0:50:44]} Kxe6
{[%clk 0:02:40]} 42. Kc5 {[%clk 0:51:03]} Kf5 {[%clk 0:01:13]} 43. Kb6 {[%clk
0:50:44]} Kf4 {[%clk 0:01:19]} 44. d5 {[%clk 0:51:05]} Kxf3 {[%clk 0:01:35]}
45. d6 {[%clk 0:51:31]} f5 {[%clk 0:01:54]} 46. d7 {[%clk 0:51:55]} f4 {[%clk
0:02:22]} 47. d8=Q {[%clk 0:52:18]} Ke3 {[%clk 0:02:42]} 48. Qe7 {[%clk
0:52:35]} Kf2 {[%clk 0:03:04]} 49. Qxg7 {[%clk 0:52:55]} f3 {[%clk 0:03:29]}
50. Qf7 {[%clk 0:53:18]} Kg2 51. Qxf3 1-0

[Event "DVM U16 2022"]
[Site "Darmstadt GER"]
[Date "2022.12.29"]
[Round "5"]
[White "Hoffmann, Sophia"]
[Black "Huber, Laura"]
[Result "1/2-1/2"]
[Termination "normal"]
[Board "10.3"]
[WhiteElo "1352"]
[BlackElo "1357"]
[WhiteClock "00:29:06"]
[BlackClock "00:17:11"]
[WhiteTeam "Karlsruher SF 1853"]
[BlackTeam "FC Ergolding 1932 e.V."]
[PlyCount "56"]
[WhiteFideId "16259130"]
[BlackFideId "16270940"]
[EventCountry "GER"]
[EventRounds "7"]
[EventType "team-swiss"]
[EventDate "2022.12.26"]

1. d4 {[%clk 1:30:57]} d5 {[%clk 1:30:58]} 2. Nf3 {[%clk 1:31:22]} Nf6 {[%clk
1:31:14]} 3. Bf4 {[%clk 1:31:47]} Bf5 {[%clk 1:30:31]} 4. e3 {[%clk 1:32:06]}
e6 {[%clk 1:29:08]} 5. Bd3 {[%clk 1:32:19]} Bg4 {[%clk 1:21:52]} 6. h3 {[%clk
1:30:39]} Bh5 {[%clk 1:22:05]} 7. Nbd2 {[%clk 1:29:46]} c5 {[%clk 1:17:41]} 8.
c3 {[%clk 1:29:56]} Qb6 {[%clk 1:13:45]} 9. Qa4 {[%clk 1:21:34]} Nbd7 {[%clk
1:05:34]} 10. O-O {[%clk 1:15:15]} Bd6 {[%clk 1:00:16]} 11. Ne5 {[%clk
1:13:00]} c4 {[%clk 0:56:55]} 12. Bc2 {[%clk 1:02:21]} Qc7 {[%clk 0:54:26]} 13.
b3 {[%clk 0:57:33]} cxb3 {[%clk 0:52:27]} 14. Bxb3 {[%clk 0:50:53]} O-O {[%clk
0:49:25]} 15. g4 {[%clk 0:50:00]} Bg6 {[%clk 0:44:12]} 16. g5 {[%clk 0:49:38]}
Nb6 {[%clk 0:41:14]} 17. Qb5 {[%clk 0:47:34]} Nfd7 {[%clk 0:37:23]} 18. Ndf3
{[%clk 0:44:33]} Be4 {[%clk 0:36:11]} 19. Nxd7 {[%clk 0:42:55]} Nxd7 {[%clk
0:35:40]} 20. Bxd6 {[%clk 0:42:18]} Qxd6 {[%clk 0:36:08]} 21. Nh2 {[%clk
0:42:04]} b6 {[%clk 0:33:00]} 22. h4 {[%clk 0:40:58]} f6 {[%clk 0:24:14]} 23.
f3 {[%clk 0:30:53]} Bg6 {[%clk 0:23:49]} 24. Qe2 {[%clk 0:30:15]} Qg3 {[%clk
0:21:16]} 25. Qg2 {[%clk 0:29:20]} Qxg2 {[%clk 0:18:45]} 26. Kxg2 {[%clk
0:29:42]} fxg5 {[%clk 0:18:19]} 27. hxg5 {[%clk 0:29:50]} Rfe8 {[%clk 0:17:54]}
28. c4 {[%clk 0:29:06]} Bd3 {[%clk 0:17:11]} 1/2-1/2

[Event "DVM U16 2022"]
[Site "Darmstadt GER"]
[Date "2022.12.29"]
[Round "5"]
[White "Paringer, Jakob"]
[Black "Liu, Leon"]
[Result "0-1"]
[Termination "normal"]
[Board "10.4"]
[WhiteElo "1298"]
[BlackElo "1298"]
[WhiteClock "00:05:48"]
[BlackClock "00:07:24"]
[WhiteTeam "FC Ergolding 1932 e.V."]
[BlackTeam "Karlsruher SF 1853"]
[PlyCount "56"]
[WhiteFideId "34605134"]
[BlackFideId "16275047"]
[EventCountry "GER"]
[EventRounds "7"]
[EventType "team-swiss"]
[EventDate "2022.12.26"]

1. e4 {[%clk 1:30:58]} c6 {[%clk 1:30:48]} 2. Nc3 {[%clk 1:31:08]} d5 {[%clk
1:30:53]} 3. Nf3 {[%clk 1:30:53]} Bg4 {[%clk 1:30:00]} 4. h3 {[%clk 1:30:11]}
Bxf3 {[%clk 1:29:07]} 5. Qxf3 {[%clk 1:29:28]} e6 {[%clk 1:28:11]} 6. d3 {[%clk
1:28:13]} Nd7 {[%clk 1:23:10]} 7. d4 {[%clk 1:20:00]} a6 {[%clk 1:18:19]} 8.
Bd3 {[%clk 1:15:41]} Qb6 {[%clk 1:09:47]} 9. Ne2 {[%clk 1:10:26]} Ne7 {[%clk
1:00:29]} 10. O-O {[%clk 1:06:46]} g6 {[%clk 0:57:29]} 11. Bd2 {[%clk 0:58:58]}
Bg7 {[%clk 0:55:53]} 12. Rab1 {[%clk 0:56:31]} c5 {[%clk 0:47:46]} 13. dxc5
{[%clk 0:50:22]} Nxc5 {[%clk 0:46:39]} 14. c3 {[%clk 0:49:08]} Rd8 {[%clk
0:36:20]} 15. Rfd1 {[%clk 0:39:10]} Qc6 {[%clk 0:33:09]} 16. Ng3 {[%clk
0:34:36]} dxe4 {[%clk 0:29:51]} 17. Bxe4 {[%clk 0:33:54]} Nxe4 {[%clk 0:28:25]}
18. Qxe4 {[%clk 0:32:49]} Qb5 {[%clk 0:25:49]} 19. b3 {[%clk 0:22:24]} O-O
{[%clk 0:23:29]} 20. c4 {[%clk 0:22:07]} Qc6 {[%clk 0:20:24]} 21. Bb4 {[%clk
0:20:53]} Qc7 {[%clk 0:15:40]} 22. Qh4 {[%clk 0:18:05]} Rfe8 {[%clk 0:13:17]}
23. Ne4 {[%clk 0:17:14]} Nf5 {[%clk 0:11:57]} 24. Nf6 {[%clk 0:16:20]} Bxf6
{[%clk 0:09:28]} 25. Qxf6 {[%clk 0:16:41]} e5 {[%clk 0:07:51]} 26. g4 {[%clk
0:14:11]} Nd4 {[%clk 0:06:55]} 27. Bd2 {[%clk 0:11:17]} Re6 {[%clk 0:07:01]}
28. Qh4 {[%clk 0:05:48]} Nf3 {[%clk 0:07:24]} 0-1